000 00704nam a22002057a 4500
999 _c18780
_d18780
003 AR-CdUCM
008 190515b ||||| |||| 00| 0 spa d
040 _aMUNICIPALIDAD PROVINCIAL DEL CUSCO
_cBIBLIOTECA MUNICIPAL DEL CUSCO
082 _a985.019 /
_bP97
100 _aPurizagaVega, Medardo
_939578
245 _aEl rito del nacimiento entre los incas /
260 _aLima :
_bUSMP,
_c1991.
300 _a83 paginas ;
_c22 cm.
505 _aContenido: La concepción -- El embarazo -- El parto -- El agua purificadora -- El corte del cordon umbidical...
650 _aEmbarazo
_932421
650 _aParto
_924974
650 _aNacimiento
_939579
942 _2ddc
_cLIBROS
945 _apjha
_d2019-05-15